000 01016nam a22002417a 4500
999 _c20467
_d20467
003 AR-CdUCM
008 190530b ||||| |||| 00| 0 spa d
020 _a84-00-03694-8
040 _aMUNICIPALIDAD PROVINCIAL DEL CUSCO
_cBIBLIOTECA MUNICIPAL DEL CUSCO
082 _a985.03 /
_bM79
100 _aMoreno Cebrian, Alfredo
_942798
110 _aConsejo Superior de Investigaciones Científicas (España)-Instituto G. Fernández de Oviedo (Madrid)
_942799
245 _aEl corregidor de indios y la economía peruana del siglo XVIII :
_b los repartos forzosos de mercancías /
260 _aMadrid :
_bBenzal,
_c1977.
300 _a801 páginas ;
_bDiagramas,
_c25 cm.
500 _a[libro reempastado]
505 _aContenido: Aproximación al estudio del corregidor de indios peruano -- La remuneración de los corregidores -- El reparto de mercancías...
650 _aCorregimientos
_942800
650 _aConsejo de indias
_942801
650 _aLOS casiques
_942802
942 _2ddc
_cLIBROS
945 _aAndy